Analysis of Role of Media in Disaster Reporting (Case-Study 2005 Earthquake and Flood 2010) (Record no. 551452)
[ view plain ]
| 000 -LEADER | |
|---|---|
| fixed length control field | 00475nam a22001577a 4500 |
| 082 ## - DEWEY DECIMAL CLASSIFICATION NUMBER | |
| Classification number | T-161 |
| 100 ## - MAIN ENTRY--PERSONAL NAME | |
| Personal name | Fatima Masood Ali |
| 9 (RLIN) | 48555 |
| 245 ## - TITLE STATEMENT | |
| Title | Analysis of Role of Media in Disaster Reporting (Case-Study 2005 Earthquake and Flood 2010) |
| 260 ## - PUBLICATION, DISTRIBUTION, ETC. | |
| Place of publication, distribution, etc. | Risalpur Cantt |
| Name of publisher, distributor, etc. | MCE |
| Date of publication, distribution, etc. | c2014 |
| 300 ## - PHYSICAL DESCRIPTION | |
| Extent | P 80 |
| 526 ## - STUDY PROGRAM INFORMATION NOTE | |
| Program name | 0 |
| Interest level | 0 |
| Reading level | 0 |
| Title point value | T_161 |
| 650 ## - SUBJECT ADDED ENTRY--TOPICAL TERM | |
| Topical term or geographic name entry element | Thesis |
| 9 (RLIN) | 34811 |
| 700 ## - ADDED ENTRY--PERSONAL NAME | |
| Personal name | Disaster Management |
| 9 (RLIN) | 48556 |
| 700 ## - ADDED ENTRY--PERSONAL NAME | |
| Personal name | Dr. Muhammad Jawed Iqbal, major |
| 9 (RLIN) | 48557 |
| 942 ## - ADDED ENTRY ELEMENTS (KOHA) | |
| Source of classification or shelving scheme | |
| Koha item type | Book |
| Withdrawn status | Lost status | Source of classification or shelving scheme | Damaged status | Not for loan | Permanent Location | Current Location | Date acquired | Total Checkouts | Full call number | Barcode | Date last seen | Date last checked out | Price effective from | Koha item type | Public note |
|---|---|---|---|---|---|---|---|---|---|---|---|---|---|---|---|
| Military College of Engineering (MCE) | Military College of Engineering (MCE) | 12/15/2014 | 2 | T-161 | MCE-T-161 | 03/28/2016 | 03/18/2016 | 12/15/2014 | Book | Thesis |
